000 00780nam a2200253Ia 4500
003 OSt
005 20220918172054.0
006 a|||||r|||| 00| 0
007 ta
008 220917b |||||||| |||| 00| 0 eng d
020 _a9789351500667 (hbk)
_c645
024 _a286,232
037 _bCBS/339, 10/03/2015, Classic Book Service
_cTextual
040 _aARTS
_cARTS
_beng
041 _2eng
_aeng
082 _aNW441wN17, Q5
100 _aPandian M.S.S.
_925978
245 0 _aImage trap
_b M.G. Ramachandran in film and politics
260 _aLos Angeles
_b Sage U.S.A.
_c2015
300 _axix, 161p.
_ccm.
650 _aARTS
942 _hNW441wN17, Q5
_cTEXL
_2CC
999 _c142493
_d142493